000 00636nam a2200229 a 4500
001 BRCA_6700
005 20190320205547.0
008 171011s1911----enka######---#001-0#eng-#
041 _aeng
044 _aenk
050 4 _aPZ3
_b.J326Sh
_c1911
245 1 0 _aShip´s company
_cby W.W. Jacobs ; illustred by Will Owen
260 _aLondres
_bHodder & Stoughton
_c1911
300 _a272 p.
_bil.
_c20 cm.
500 _aIncluye índice de ilustraciones
500 _aI81
650 1 4 _aLiteratura inglesa
_916749
700 1 _aJacobs, W.W.
_eAutor.
_916750
700 1 _aOwen, Will
_eIlustrador.
_916751
902 _aGFM
942 _2lcc
_cB
999 _c6383
_d6383